00383nam a22001217a 4500008004100000082001600041100001800057245004400075260004500119300003400164650004600198700001700244150515b xxu||||| |||| 00| 0 eng d a708bD 418b aDeodato, Pino aBoccadirosa Pino DeodatocDeodato, Pino aMiami, FloridabGalleria Ambrosinoc2000 a42 p.bill. (col)c21x28.5 cm xArte modernoxDeodato, PinoxExhibición aGeorge Bolge